00413nam a2200157Ia 4500001000500000005001700005008004100022041000800063082001300071100003300084245008500117260000900202300002800211650000800239654000800247353220260306145650.0260306t1996||||xx |||||||||||||| ||spa|| aESP a288bS52 aSierra Bravo, RestitutoeAUT 0aCiencias sociales y doctrina social de la iglesia:btratado de teología social c1996 a716 páginas :c24 cm. aGEN aCHU